El asesino desconocido (Record no. 126047)

MARC details
000 -LEADER
campo de control de longitud fija 00801nam a2200217 4500
001 - NÚMERO DE CONTROL
campo de control 126047
003 - IDENTIFICADOR DE NÚMERO DE CONTROL
campo de control ES-MaACL
005 - FECHA Y HORA DE LA ÚLTIMA TRANSACCIÓN
campo de control 20230906192739.0
007 - CAMPO FIJO DE DESCRIPCIÓN FÍSICA--INFORMACIÓN GENERAL
campo de control de longitud fija t|
008 - DATOS DE LONGITUD FIJA--INFORMACIÓN GENERAL
campo de control de longitud fija 070214s1943 ag r ||||1| spa d
100 1# - ENTRADA PRINCIPAL--NOMBRE DE PERSONA
Nombre de persona Reik, Theodor.
9 (RLIN) 96009
245 13 - MENCIÓN DEL TÍTULO
Título El asesino desconocido
Resto del título : psicoanálisis de los procedimientos criminológicos /
Mención de responsabilidad, etc. por el Doctor Theodor Reik ; versión castellana del Doctor Simon Wencelblat.
260 ## - PUBLICACIÓN, DISTRIBUCIÓN, ETC.
Lugar de publicación, distribución, etc. Buenos Aires :
Nombre del editor, distribuidor, etc. Asociación Psicoanalítica Argentina,
Fecha de publicación, distribución, etc. 1943.
300 ## - DESCRIPCIÓN FÍSICA
Extensión 286 p. ;
Dimensiones 24 cm.
490 1# - MENCIÓN DE SERIE
Mención de serie Biblioteca de Psicoanálisis
700 1# - ENTRADA AGREGADA--NOMBRE PERSONAL
Nombre de persona Wencelblat, Simon.
9 (RLIN) 116478
710 2# - ENTRADA AGREGADA--NOMBRE DE ENTIDAD CORPORATIVA
Nombre de entidad corporativa o nombre de jurisdicción como elemento de entrada Asociación Psicoanalítica Argentina.
9 (RLIN) 1789
830 0# - PUNTO DE ACCESO ADICIONAL DE SERIE-TÍTULO UNIFORME
Título uniforme Biblioteca de Psicoanálisis
9 (RLIN) 183688
852 ## - LOCALIZACIÓN
Ubicación ES-MaACL
Número de control de estantería B-13384
Sublocalización o colección R.31035
Holdings
Estatus retirado Estado de pérdida Estado de daño No para préstamo Biblioteca de origen Biblioteca actual Ubicación en estantería Fecha de adquisición Fuente de adquisición Total de préstamos Signatura topográfica completa Código de barras Visto por última vez Precio de reemplazo Tipo de ítem Koha
        Biblioteca del Ateneo de Madrid Biblioteca del Ateneo de Madrid Sala Pardo Bazán 17/01/2008     B-13384 1131294 23/02/2023 23/02/2023 Libro impreso